[Event "Lippe Cup-B 07th"]
[Site "Lieme"]
[Date "2010.10.17"]
[Round "4"]
[White "Winter, Magnus"]
[Black "Rehbein, Ulrich"]
[Result "0-1"]
[WhiteElo "1423"]
[BlackElo "1628"]
[PlyCount "70"]
[EventDate "2010.10.15"]
[EventType "swiss"]
[EventRounds "5"]
[EventCountry "GER"]
[SourceTitle "EXT 2012"]
[Source "ChessBase"]
[SourceDate "2011.11.24"]
[SourceVersion "1"]
[SourceVersionDate "2011.11.24"]
[SourceQuality "1"]

1. d4 Nf6 2. Bg5 g6 3. Bxf6 exf6 4. c4 Bg7 5. e3 0-0 6. Nc3 b6 7. Qf3 Nc6 8. Bd3 f5 9. Nge2 Ba6 10. Nf4 Re8 11. 0-0 Bb7 12. Qg3 Ne7 13. Rac1 a6 14. Rfd1 Qb8 15. Ncd5 Bxd5 16. cxd5 c5 17. dxc6 dxc6 18. Qf3 Qd6 19. Rc2 Rec8 20. Be2 b5 21. Nd3 Ra7 22. Nc5 Nd5 23. h3 Nb4 24. Rc3 Nxa2 25. Rb3 a5 26. Ra1 Nb4 27. Bd3 Nd5 28. g3 a4 29. Rba3 Re7 30. Re1 Rce8 31. Raa1 f4 32. gxf4 Nxf4 33. Bc2 Ne6 34. Ne4 Qd5 35. Nc3 Qxf3 0-1

[Event "Lippe Cup-B 07th"]
[Site "Lieme"]
[Date "2010.10.16"]
[Round "3"]
[White "Jaeckel, Constanze"]
[Black "Winter, Magnus"]
[Result "0-1"]
[WhiteElo "1111"]
[BlackElo "1423"]
[PlyCount "82"]
[EventDate "2010.10.15"]
[EventType "swiss"]
[EventRounds "5"]
[EventCountry "GER"]
[SourceTitle "EXT 2012"]
[Source "ChessBase"]
[SourceDate "2011.11.24"]
[SourceVersion "1"]
[SourceVersionDate "2011.11.24"]
[SourceQuality "1"]

1. d4 Nf6 2. Nf3 g6 3. e3 Bg7 4. Bd3 0-0 5. Nbd2 d6 6. 0-0 c5 7. b3 Nc6 8. a3 Bg4 9. Bb2 Nd7 10. h3 Bxf3 11. Nxf3 cxd4 12. exd4 Rc8 13. Re1 e6 14. Qd2 Qc7 15. Rac1 d5 16. Qe2 Qb6 17. Qe3 Rfe8 18. b4 Qc7 19. Ne5 Ndxe5 20. dxe5 Ne7 21. g4 Rf8 22. c4 Qd7 23. Qxa7 dxc4 24. Bxc4 Qd2 25. Qd4 Qxd4 26. Bxd4 Rfd8 27. Bc5 Nc6 28. f4 Nd4 29. Bxd4 Rxd4 30. Bb5 Rxc1 31. Rxc1 Rxf4 32. Rc8+ Bf8 33. Kg2 Re4 34. Rb8 Rxe5 35. Rxb7 Re2+ 36. Kg3 Re3+ 37. Kh4 Rxa3 38. Be8 f6 39. Bf7+ Kh8 40. Bxe6 g5+ 41. Kh5 Rxh3# 0-1